书目信息 |
| 题名: |
信息论与编码
|
|
| 作者: | 邓家先 , 肖嵩 , 李英 编著 | |
| 分册: | ||
| 出版信息: | 西安 西安电子科技大学出版社 2016.02 |
|
| 页数: | 305页 | |
| 开本: | 26cm | |
| 丛书名: | ||
| 单 册: | ||
| 中图分类: | TN911.2 | |
| 科图分类: | ||
| 主题词: | 信息论--高等教育--教材 , 信源编码--高等教育--教材 | |
| 电子资源: | ||
| ISBN: | 978-7-5606-3966-6 | |
| 000 | 01080nam0 2200301 450 | |
| 001 | 0120161798094 | |
| 005 | 20170424082858.53 | |
| 010 | @a978-7-5606-3966-6@dCNY35.00 | |
| 100 | @a20160419d2016 em y0chiy50 ea | |
| 101 | 0 | @achi |
| 102 | @aCN@b610000 | |
| 105 | @aak z 000yy | |
| 106 | @ar | |
| 200 | 1 | @a信息论与编码@9xin xi lun yu bian ma@f邓家先,肖嵩,李英编著 |
| 205 | @a3版 | |
| 210 | @a西安@c西安电子科技大学出版社@d2016.02 | |
| 215 | @a305页@c图@d26cm | |
| 300 | @a“十二五”普通高等教育本科国家级规划教材 | |
| 330 | @a本书共分为结论;信源与信源熵;信道与信道容量;离散信源编码理论;信源编码技术;有噪离散信道编码;信道编码技术;图论基础;网络编码理论十章。其内容包括:信息论的形成与发展;通信系统的模型等。 | |
| 333 | @a高校信息工程、通信工程及相关专业师生 | |
| 606 | 0 | @a信息论@x高等教育@j教材 |
| 606 | 0 | @a信源编码@x高等教育@j教材 |
| 690 | @aTN911.2@v5 | |
| 701 | 0 | @a邓家先@9deng jia xian@4编著 |
| 701 | 0 | @a肖嵩@9xiao song@4编著 |
| 701 | 0 | @a李英@9li ying@4编著 |
| 801 | 0 | @aCN@b人天书店@c20160419 |
| 905 | @b988366-69@dTN911.2@e180=3@f4 | |
| 信息论与编码/邓家先,肖嵩,李英编著.-3版.-西安:西安电子科技大学出版社,2016.02 |
| 305页:图;26cm |
| “十二五”普通高等教育本科国家级规划教材.-使用对象:高校信息工程、通信工程及相关专业师生 |
| ISBN 978-7-5606-3966-6:CNY35.00 |
| 本书共分为结论;信源与信源熵;信道与信道容量;离散信源编码理论;信源编码技术;有噪离散信道编码;信道编码技术;图论基础;网络编码理论十章。其内容包括:信息论的形成与发展;通信系统的模型等。 |
| ● |
| 相关链接 |
|
|
|
|
正题名:信息论与编码
索取号:TN911.2/180=3
 
预约/预借
| 序号 | 登录号 | 条形码 | 馆藏地/架位号 | 状态 | 备注 |
| 1 | 988366 | 209883660 | 第二样本阅览室/ [索取号:TN911.2/180=3] | 在馆 | |
| 2 | 988367 | 209883679 | 第三借阅区/ [索取号:TN911.2/180=3] | 在馆 | |
| 3 | 988368 | 209883688 | 第三借阅区/ [索取号:TN911.2/180=3] | 在馆 | |
| 4 | 988369 | 209883697 | 密集书库-资源管理系/ [索取号:TN911.2/180=3] | 在馆 |